5HLuxD.jpg

KING HENRY VIII SENIOR AND PRIMARY SCHOOL LIBRARY OPAC

Shades of grey : (Record no. 516)

000 -LEADER
fixed length control field 00619nam a22002057a 4500
005 - DATE AND TIME OF LATEST TRANSACTION
control field 20190819152804.0
008 - FIXED-LENGTH DATA ELEMENTS--GENERAL INFORMATION
fixed length control field 190819b ||||| |||| 00| 0 eng d
020 ## - INTERNATIONAL STANDARD BOOK NUMBER
International Standard Book Number 9780143118589
040 ## - CATALOGING SOURCE
Transcribing agency KH8
082 ## - DEWEY DECIMAL CLASSIFICATION NUMBER
Classification number FIC FFO
100 ## - MAIN ENTRY--PERSONAL NAME
Personal name Fforde, Jasper
245 ## - TITLE STATEMENT
Title Shades of grey :
Remainder of title the road to High Saffron /
Statement of responsibility, etc. Jasper Fforde
246 ## - VARYING FORM OF TITLE
Title proper/short title Shades of grey :
Remainder of title a novel /
260 ## - PUBLICATION, DISTRIBUTION, ETC.
Place of publication, distribution, etc. New York :
Name of publisher, distributor, etc. Penguin Books, 2011,
Date of publication, distribution, etc. cop. 2009.
300 ## - PHYSICAL DESCRIPTION
Extent 1 vol. (390 p.) :
Other physical details ill. ;
Dimensions 20 cm.
650 ## - SUBJECT ADDED ENTRY--TOPICAL TERM
Topical term or geographic name entry element Color blindness
Form subdivision Fiction.
650 ## - SUBJECT ADDED ENTRY--TOPICAL TERM
Topical term or geographic name entry element Social structure
Form subdivision Fiction.
650 ## - SUBJECT ADDED ENTRY--TOPICAL TERM
Topical term or geographic name entry element Social structure.
942 ## - ADDED ENTRY ELEMENTS (KOHA)
Source of classification or shelving scheme
Koha item type Books - Fiction
Holdings
Withdrawn status Lost status Source of classification or shelving scheme Damaged status Not for loan Collection code Permanent Location Current Location Shelving location Date acquired Total Checkouts Full call number Barcode Date due Date last seen Date last checked out Price effective from Koha item type
          Fiction KH8 Senior School Library KH8 Senior School Library Fiction 2019-08-19 1 FIC FFO 3KHSL000101181 2020-03-14 2020-02-25 2020-02-25 2019-08-19 Books - Fiction

Powered By KH8 IT Dept